<?xml version="1.0" encoding="UTF-8"?>
<record
    xmlns:xsi="http://www.w3.org/2001/XMLSchema-instance"
    xsi:schemaLocation="http://www.loc.gov/MARC21/slim http://www.loc.gov/standards/marcxml/schema/MARC21slim.xsd"
    xmlns="http://www.loc.gov/MARC21/slim">

  <leader>00784nam a2200313Ia 4500</leader>
  <controlfield tag="001">003351</controlfield>
  <controlfield tag="008">221003s1994    xx            000 0 spa d</controlfield>
  <datafield tag="020" ind1=" " ind2=" ">
    <subfield code="a">84-206-6809-5</subfield>
  </datafield>
  <datafield tag="035" ind1=" " ind2=" ">
    <subfield code="a">CENDO_607</subfield>
  </datafield>
  <datafield tag="041" ind1=" " ind2=" ">
    <subfield code="a">spa</subfield>
  </datafield>
  <datafield tag="084" ind1=" " ind2=" ">
    <subfield code="a">CD-01224</subfield>
  </datafield>
  <datafield tag="100" ind1=" " ind2=" ">
    <subfield code="a">COASE, R. H.</subfield>
    <subfield code="9">1372</subfield>
  </datafield>
  <datafield tag="245" ind1=" " ind2="0">
    <subfield code="a">&lt;La&gt; empresa, el mercado y la ley /</subfield>
    <subfield code="c">R. H. Coase</subfield>
  </datafield>
  <datafield tag="260" ind1=" " ind2=" ">
    <subfield code="a">Madrid :</subfield>
    <subfield code="b">Alianza,</subfield>
    <subfield code="c">D.L. 1994</subfield>
  </datafield>
  <datafield tag="300" ind1=" " ind2=" ">
    <subfield code="a">224 p.  ;</subfield>
    <subfield code="c"> 23 cm</subfield>
  </datafield>
  <datafield tag="490" ind1=" " ind2=" ">
    <subfield code="a">Alianza Econom&#xED;a</subfield>
  </datafield>
  <datafield tag="500" ind1=" " ind2=" ">
    <subfield code="a">Bibliogr. p. 217</subfield>
  </datafield>
  <datafield tag="650" ind1=" " ind2=" ">
    <subfield code="a">EMPRESA</subfield>
    <subfield code="9">67</subfield>
  </datafield>
  <datafield tag="650" ind1=" " ind2="0">
    <subfield code="a">MERCADO DE TRABAJO</subfield>
    <subfield code="9">52</subfield>
  </datafield>
  <datafield tag="650" ind1=" " ind2=" ">
    <subfield code="a">COSTO SOCIAL</subfield>
    <subfield code="9">1373</subfield>
  </datafield>
  <datafield tag="650" ind1=" " ind2=" ">
    <subfield code="a">TEORIA ECONOMICA</subfield>
    <subfield code="9">478</subfield>
  </datafield>
  <datafield tag="901" ind1=" " ind2=" ">
    <subfield code="a">1</subfield>
  </datafield>
  <datafield tag="903" ind1=" " ind2=" ">
    <subfield code="a">NO</subfield>
  </datafield>
  <datafield tag="904" ind1=" " ind2=" ">
    <subfield code="a">000</subfield>
  </datafield>
  <datafield tag="953" ind1=" " ind2=" ">
    <subfield code="d">1996-04-26</subfield>
    <subfield code="y">MONOGRAFIA</subfield>
    <subfield code="o">CD-01224</subfield>
  </datafield>
  <datafield tag="999" ind1=" " ind2=" ">
    <subfield code="c">606</subfield>
    <subfield code="d">606</subfield>
  </datafield>
  <datafield tag="910" ind1=" " ind2=" ">
    <subfield code="a">1994</subfield>
  </datafield>
  <datafield tag="942" ind1=" " ind2=" ">
    <subfield code="c">MONOGRAFIA</subfield>
  </datafield>
  <datafield tag="952" ind1=" " ind2=" ">
    <subfield code="0">0</subfield>
    <subfield code="1">0</subfield>
    <subfield code="4">0</subfield>
    <subfield code="7">0</subfield>
    <subfield code="a">CENDO</subfield>
    <subfield code="b">CENDO</subfield>
    <subfield code="d">1996-04-26</subfield>
    <subfield code="l">0</subfield>
    <subfield code="o">CD-01224</subfield>
    <subfield code="p">CENDO_607</subfield>
    <subfield code="r">2022-10-05 00:00:00</subfield>
    <subfield code="w">2022-10-05</subfield>
    <subfield code="y">MONOGRAFIA</subfield>
  </datafield>
</record>
